Espacio / (Registro nro. 7155)

Detalles MARC
000 -LEADER
fixed length control field 00964nam a22002897a 4500
003 - CONTROL NUMBER IDENTIFIER
control field OSt
005 - DATE AND TIME OF LATEST TRANSACTION
control field 20250416093257.0
008 - FIXED-LENGTH DATA ELEMENTS--GENERAL INFORMATION
fixed length control field 210211b1983 sp ||||er|||| 00| f spa d
020 ## - INTERNATIONAL STANDARD BOOK NUMBER
International Standard Book Number 8422616602
040 ## - CATALOGING SOURCE
Original cataloging agency CO-JMCR
Transcribing agency CO-JMCR
041 1# - LANGUAGE CODE
Language code of text/sound track or separate title spa
Language code of original eng
082 04 - DEWEY DECIMAL CLASSIFICATION NUMBER
Classification number A-N
Item number MICe
Edition number 23
100 1# - MAIN ENTRY--PERSONAL NAME
Personal name Michener, James Albert,
Relator term autor
9 (RLIN) 13303
245 10 - TITLE STATEMENT
Title Espacio /
Statement of responsibility, etc. James A. Michener ; traducción, Adolfo Martín
250 ## - EDITION STATEMENT
Edition statement Edición no abreviada
260 ## - PUBLICATION, DISTRIBUTION, ETC.
Place of publication, distribution, etc. Barcelona :
Name of publisher, distributor, etc. Círculo de Lectores,
Date of publication, distribution, etc. 1983
300 ## - PHYSICAL DESCRIPTION
Extent 492 páginas ;
Dimensions 22 cm.
500 ## - GENERAL NOTE
General note Título original: Space
546 ## - LANGUAGE NOTE
Language note Traducido del inglés.
650 14 - SUBJECT ADDED ENTRY--TOPICAL TERM
Source of heading or term Novela estadounidense
Chronological subdivision Siglo XX
9 (RLIN) 11558
650 24 - SUBJECT ADDED ENTRY--TOPICAL TERM
Topical term or geographic name entry element Literatura estadounidense
9 (RLIN) 13304
650 24 - SUBJECT ADDED ENTRY--TOPICAL TERM
Topical term or geographic name entry element Espacio en la literatura
9 (RLIN) 13305
650 24 - SUBJECT ADDED ENTRY--TOPICAL TERM
Topical term or geographic name entry element Viajes espaciales en la literatura
Source of heading or term
9 (RLIN) 13306
650 24 - SUBJECT ADDED ENTRY--TOPICAL TERM
Topical term or geographic name entry element Astronautas en la literatura
9 (RLIN) 13307
700 1# - ADDED ENTRY--PERSONAL NAME
Personal name Martín, Adolfo,
Relator term traductor
9 (RLIN) 2906
942 ## - ADDED ENTRY ELEMENTS (KOHA)
Source of classification or shelving scheme Dewey Decimal Classification
Koha item type Books
Existencias
Withdrawn status Lost status Source of classification or shelving scheme Damaged status Not for loan Collection code Home library Current library Date acquired Source of acquisition Total Checkouts Full call number Barcode Date last seen Date last checked out Copy number Price effective from Koha item type
    Dewey Decimal Classification     Non-fiction Biblioteca Pública José María del Castillo y Rada Biblioteca Pública José María del Castillo y Rada 04/15/2018 Donación 1 A-N MICe 201810032 08/24/2023 08/22/2023 Ej.1 02/11/2021 Books